Movies Quiz

Random Movies or Actress Quiz
Score 0/17 Timer 05:00
0 Plays Today
% Correct
Forrest Gump
94.1%
When Harry met Sally
94.1%
Back to the future
94.1%
Bruce Almighty
94.1%
Grease
91.2%
Mrs. Doubtfire
91.2%
Pretty Woman
88.2%
Notting Hill
79.4%
Tootsie
79.4%
% Correct
Sweet Homa Alabama
79.4%
Larry Crowne
79.4%
Splash!
76.5%
While you were sleeping
73.5%
Wargames
73.5%
Down with love
70.6%
The Money Pit
67.6%
Blast from the past
67.6%
Remove Ads.
Support Sporcle.
Get the best of Sporcle when you Go Orange. This ad-free experience offers more features, more stats, and more fun while also helping to support Sporcle. Thank you for becoming a member.

You're not logged in!

Compare scores with friends on all Sporcle quizzes.
OR
Log In

Sporcle TV

Today on Sporcle TV


Watch our educational content, quiz creation guides, and fun videos on Sporcle TV.

Show Comments

Extras

Top Quizzes Today


Score Distribution

Paid Content

Your Account Isn't Verified!

In order to create a playlist on Sporcle, you need to verify the email address you used during registration. Go to your Sporcle Settings to finish the process.

Report this User

Report this user for behavior that violates our Community Guidelines.

Details: